Introduction to the Philosophy of Law (Record no. 232170)
[ view plain ]
| 000 -LEADER | |
|---|---|
| fixed length control field | 00607nam a22002177a 4500 |
| 005 - DATE AND TIME OF LATEST TRANSACTION | |
| control field | 20241206102554.0 |
| 008 - FIXED-LENGTH DATA ELEMENTS--GENERAL INFORMATION | |
| fixed length control field | 241206b ||||| |||| 00| 0 eng d |
| 020 ## - INTERNATIONAL STANDARD BOOK NUMBER | |
| International Standard Book Number | 9788194625780 |
| 040 ## - CATALOGING SOURCE | |
| Transcribing agency | AL |
| 041 ## - LANGUAGE CODE | |
| Language code of text/sound track or separate title | English |
| 082 ## - DEWEY DECIMAL CLASSIFICATION NUMBER | |
| Edition number | 23 |
| Classification number | 340.1 |
| Item number | POUI |
| 100 ## - MAIN ENTRY--PERSONAL NAME | |
| Personal name | Roscoe Pound |
| 100 ## - MAIN ENTRY--PERSONAL NAME | |
| 9 (RLIN) | 188152 |
| 245 ## - TITLE STATEMENT | |
| Title | Introduction to the Philosophy of Law |
| 260 ## - PUBLICATION, DISTRIBUTION, ETC. | |
| Place of publication, distribution, etc. | Bangalore |
| Name of publisher, distributor, etc. | MPP House |
| Date of publication, distribution, etc. | 2023 |
| 300 ## - PHYSICAL DESCRIPTION | |
| Extent | 307 p. |
| Other physical details | PB |
| Dimensions | 22x14 cm. |
| 365 ## - TRADE PRICE | |
| Price type code | 1060 |
| Price amount | ₹437.27 |
| Currency code | ₹ |
| Unit of pricing | ₹599.00 |
| Price note | 27% |
| Price effective from | 28-11-2024 |
| 650 ## - SUBJECT ADDED ENTRY--TOPICAL TERM | |
| Topical term or geographic name entry element | Philosophy |
| 9 (RLIN) | 188153 |
| 650 ## - SUBJECT ADDED ENTRY--TOPICAL TERM | |
| Topical term or geographic name entry element | Law |
| 9 (RLIN) | 188154 |
| 700 ## - ADDED ENTRY--PERSONAL NAME | |
| Personal name | POUND (Roscoe) |
| 9 (RLIN) | 188155 |
| 942 ## - ADDED ENTRY ELEMENTS (KOHA) | |
| Source of classification or shelving scheme | Dewey Decimal Classification |
| Koha item type | Book |
| Withdrawn status | Lost status | Source of classification or shelving scheme | Damaged status | Not for loan | Collection code | Home library | Current library | Date acquired | Source of acquisition | Cost, normal purchase price | Total Checkouts | Full call number | Barcode | Date last seen | Cost, replacement price | Price effective from | Koha item type |
|---|---|---|---|---|---|---|---|---|---|---|---|---|---|---|---|---|---|
| Dewey Decimal Classification | Law | St Aloysius Law Library | St Aloysius Law Library | 12/05/2024 | MPP House,Bengaluru | 437.27 | 340.1 POUI | LL000550 | 12/06/2024 | 599.00 | 12/06/2024 | Book | |||||
| Dewey Decimal Classification | Law | St Aloysius Law Library | St Aloysius Law Library | 12/05/2024 | MPP House,Bengaluru | 437.27 | 340.1 POUI | LL000551 | 12/06/2024 | 599.00 | 12/06/2024 | Book | |||||
| Dewey Decimal Classification | Law | St Aloysius Law Library | St Aloysius Law Library | 12/05/2024 | MPP House,Bengaluru | 437.27 | 340.1 POUI | LL000552 | 12/06/2024 | 599.00 | 12/06/2024 | Book | |||||
| Dewey Decimal Classification | Law | St Aloysius Law Library | St Aloysius Law Library | 12/05/2024 | MPP House,Bengaluru | 437.27 | 340.1 POUI | LL000553 | 12/06/2024 | 599.00 | 12/06/2024 | Book | |||||
| Dewey Decimal Classification | Law | St Aloysius Law Library | St Aloysius Law Library | 12/05/2024 | MPP House,Bengaluru | 437.27 | 340.1 POUI | LL000554 | 12/06/2024 | 599.00 | 12/06/2024 | Book |